书目信息 |
| 题名: |
还原18个著名的古战场
|
|
| 作者: | 苏山 编著 | |
| 分册: | 中国卷 | |
| 出版信息: | 北京 北京工业大学出版社 2014 |
|
| 页数: | 257页 | |
| 开本: | 24cm | |
| 丛书名: | ||
| 单 册: | ||
| 中图分类: | K878.04 , E291 | |
| 科图分类: | ||
| 主题词: | 古战场--中国--通俗读物 , 战争史--中国--古代 | |
| 电子资源: | ||
| ISBN: | 978-7-5639-3765-3 | |
| 000 | 00807nam0 2200265 450 | |
| 001 | 337858 | |
| 005 | 20150601084809.40 | |
| 010 | @a978-7-5639-3765-3@dCNY28.00 | |
| 100 | @a20140303d2014 em y0chiy50 ea | |
| 101 | 0 | @achi |
| 102 | @aCN@b110000 | |
| 105 | @ay z 000yy | |
| 106 | @ar | |
| 200 | 1 | @a还原18个著名的古战场@Ahuan yuan 18 ge zhu ming de gu zhan chang@i中国卷@f苏山编著 |
| 210 | @a北京@c北京工业大学出版社@d2014 | |
| 215 | @a257页@d24cm | |
| 300 | @a文明之约 | |
| 330 | @a本书选取了中国历史上最具代表性的18个古战场加以还原, 如长平古战场、赤壁古战场、淝水古战场等。 | |
| 606 | 0 | @a古战场@y中国@j通俗读物 |
| 606 | 0 | @a战争史@y中国@z古代 |
| 690 | @aK878.04@v5 | |
| 690 | @aE291@v5 | |
| 701 | 0 | @a苏山@Asu shan@4编著 |
| 801 | 0 | @aCN@b卓展宏图@c20150525 |
| 905 | @dK878.04@e295@f4 | |
| 还原18个著名的古战场.中国卷/苏山编著.-北京:北京工业大学出版社,2014 |
| 257页;24cm |
| 文明之约 |
| ISBN 978-7-5639-3765-3:CNY28.00 |
| 本书选取了中国历史上最具代表性的18个古战场加以还原, 如长平古战场、赤壁古战场、淝水古战场等。 |
| ● |
| 相关链接 |
|
|
|
|
正题名:还原18个著名的古战场
索取号:K878.04/295
 
预约/预借
| 序号 | 登录号 | 条形码 | 馆藏地/架位号 | 状态 | 备注 |
| 1 | 856452 | 208564524 | 第二样本阅览室/ [索取号:K878.04/295] | 在馆 | |
| 2 | 856453 | 208564533 | 第二借阅区/ [索取号:K878.04/295] | 在馆 | |
| 3 | 856454 | 208564542 | 第二借阅区/ [索取号:K878.04/295] | 在馆 | |
| 4 | 856455 | 208564551 | 第二借阅区/ [索取号:K878.04/295] | 在馆 |